| 000 | 01481nam a22004217a 4500 | ||
|---|---|---|---|
| 001 | 0072834 | ||
| 003 | KOHA_MİRAKIL | ||
| 005 | 20260207005112.0 | ||
| 007 | ta | ||
| 008 | 250107b2016 tu |||gr||||#0|||0|tur | | ||
| 020 | _a9786059658270 | ||
| 040 |
_aTR-BiSEU _btur _cTR-BiSEU _erda |
||
| 041 | 0 | _atur | |
| 044 | _ctu | ||
| 050 |
_aDR603 _b.Y35 2016 |
||
| 100 | 1 | _aYalçın, Soner. | |
| 245 | 1 |
_aGalat-ı meşhur: doğru bildiğiniz yanlışlar/ _cSoner Yalçın ; Soner Yalçın. |
|
| 264 | 1 |
_aİstanbul : _bKırmızı Kedi Yayınevi _c2016 |
|
| 300 | _a471 sayfa; 23 cm. | ||
| 336 |
_ametin _btxt _2rdacontent |
||
| 337 |
_aaracısız _bn _2rdamedia |
||
| 338 |
_acilt _bnc _2rdacarrier |
||
| 490 | 1 |
_aKırmızı Kedi Yayınevi ; _v581. |
|
| 490 | 1 |
_aİnceleme ; _v53 |
|
| 500 | _aDizin var. | ||
| 650 | 0 |
_aAdalet ve Kalkınma Partisi (Ak Parti)--Türkiye. _9145799 |
|
| 650 | 0 |
_aİslam ve devlet--Türkiye--21. yüzyıl. _9145800 |
|
| 650 | 0 |
_aKürtler--Türkiye--Siyaset ve yönetim. _956078 |
|
| 650 | 0 |
_aTürkiye--Siyaset ve yönetim. _97157 |
|
| 650 | 0 |
_aJustice and Development Party (AK Party)--Türkiye. _9145801 |
|
| 650 | 0 |
_aIslam and the state--Türkiye--21. century. _9145802 |
|
| 650 | 0 |
_aKurds--Türkiye--Politics and administration. _9145803 |
|
| 650 | 0 |
_aTürkiye--Politics and administration. _9138439 |
|
| 830 | 1 |
_aKırmızı Kedi Yayınevi ; _v581. _969595 |
|
| 830 | 1 |
_aİnceleme ; _v53 _96328 |
|
| 907 | _aTarih | ||
| 942 |
_2lcc _cBK |
||
| 999 |
_c73589 _d73589 |
||